| 000 | 003860000a22001570004500 | ||
|---|---|---|---|
| 001 | 003498 | ||
| 003 | MACL | ||
| 040 | _aMACL | ||
| 090 |
_c15491 _d15490 |
||
| 100 | _aGupta, Maloti Sen | ||
| 245 |
_aReminiscences of Sri Sarada Devi _bBy Monastics, Devotees and others _cMaloti Sen Gupta |
||
| 260 |
_aAdvaita Ashrama, _c2004 |
||
| 350 | _a80 | ||
| 650 | _aReligion | ||
| 942 |
_k292 _cBook |
||
| 999 |
_c15398 _d15398 |
||